| 000 | 00564nam a2200193 a 4500 | ||
|---|---|---|---|
| 005 | 20140310183329.0 | ||
| 008 | 060811s19uu xx 00 eng d | ||
| 020 | _a0028643194 | ||
| 050 |
_aT 385 _b.C3525 2002 |
||
| 100 | _aCampbell, Marc | ||
| 245 |
_aThe complete idiot's guide to Computer Illustration / _cMarc Campbell. |
||
| 260 |
_aU.S.A : _bPearson Education Company, _c2002. |
||
| 300 |
_a366 p. : _bill. ; _c23 cm. |
||
| 521 | _aIT | ||
| 650 | _aComputer graphics. | ||
| 650 |
_aComputer art _xTechnique. |
||
| 942 |
_cBK _2lcc _kFOR |
||
| 999 |
_c21517 _d21517 |
||